Η ανατολή της δύσης : Κωνσταντινούπολη, 1437 : ιστορικό μυθιστόρημα

Αποθηκεύτηκε σε:
Λεπτομέρειες βιβλιογραφικής εγγραφής
Κύριος συγγραφέας: Κοκόσης, Κωνσταντίνος
Μορφή: Βιβλίο
Γλώσσα:Greek
Δημοσίευση: Αθήνα : Εκδόσεις Αλεξάνδρεια, 2004.
Σειρά:Ελληνική πεζογραφία (Αλεξάνδρεια)
Θέματα:
Ετικέτες: Προσθήκη ετικέτας
Δεν υπάρχουν, Καταχωρήστε ετικέτα πρώτοι!

MARC

LEADER 00000cam a2200000 i 4500
001 1/72965
008 050309s2004 gr | ||| |||| ||gre||
020 |a 9602213043 
035 |l 10076966 
040 |a GR-MyUA  |b gre  |e AACR2 
041 0 |a gre 
082 0 |a 889.3  |2 (21) 
100 1 |a Κοκόσης, Κωνσταντίνος. 
245 1 2 |a Η ανατολή της δύσης :   |b Κωνσταντινούπολη, 1437 : ιστορικό μυθιστόρημα /   |c Κωνσταντίνος Κοκόσης.  
260 |a Αθήνα :   |b Εκδόσεις Αλεξάνδρεια,   |c 2004.  
300 |a 252 σ. ;   |c 21 εκ.  
490 1 |a (Ελληνική πεζογραφία (Εκδόσεις Αλεξάνδρεια))  
650 0 0 |a Greek fiction, Modern. 
650 0 0 |a Historical fiction, Greek (Modern) 
830 0 |a Ελληνική πεζογραφία (Αλεξάνδρεια) 
852 |a INST  |b CHIOS  |e 20050803  |h 889.334 ΚΟΚ  |p 005200022304  |q 005200022304  |t BK  |y 0 
852 |a INST  |b SAMOS  |e 20050309  |h 889.3 ΚΟΚ  |p 005300025321  |q 005300025321  |t BK  |y 0 
901 |a BIBL3-2005-1 
901 |a BIBL2-2005-2 
909 |a Σ  |b 114377 
909 |a Χ  |b 112628 
970 |a ΜΑΛΑΓΑΡΗ  |b ΦΩΤΕΙΝΗ  |z 2005/03/09